000 00557nam a2200193Ia 4500
003 GCL
008 140319s9999 xx 000 0 ara d
040 _aGCL /
_cGCL
082 0 4 _a823.03
_bس ش
100 1 _aسومرست هوم
245 1 0 _aالشقراء لم تمت /
_cسومرست هوم
260 _a[S.N] :
_bالمكتبة الثقافية ،
_c1987
300 _a120 ص
490 _a
650 0 4 _aالقصص الانجليزية
650 0 4 _aالقصص الانجليزية المترجمة
650 0 4 _aالقصص
942 _2ddc
_cBK
999 _c38876
_d38876